Name the Piano Chord - Statistics

General Stats
  • This quiz has been taken 171 times
  • The average score is 12 of 14
Answer Stats
Picture Answer % Correct
A Major
97%
E Minor
95%
B Minor
93%
D Major
93%
A Minor
92%
B Major
91%
E Major
86%
F Minor
82%
F Major
81%
C Major
79%
C Minor
79%
D Minor
79%
G Major
79%
G Minor
71%
No matching quizzes found
Score Distribution
Percent of People with Each Score
Percentile by Number Answered
Your Score History
You have not taken this quiz